Jesus wants me for a sunbeam / (Record no. 355074)
[ view plain ]
| 000 -LEADER | |
|---|---|
| fixed length control field | 00414nam a2200169Ia 4500 |
| 008 - FIXED-LENGTH DATA ELEMENTS--GENERAL INFORMATION | |
| fixed length control field | 180207s9999 xx 000 0 und d |
| 020 ## - INTERNATIONAL STANDARD BOOK NUMBER | |
| International Standard Book Number | 9780439800037 |
| 050 ## - LIBRARY OF CONGRESS CALL NUMBER | |
| Item number | W678 2006 |
| 100 ## - MAIN ENTRY--PERSONAL NAME | |
| Personal name | Wilhelm, Hans. |
| 245 ## - TITLE STATEMENT | |
| Title | Jesus wants me for a sunbeam / |
| 245 ## - TITLE STATEMENT | |
| Statement of responsibility, etc | Hans Wilhelm. |
| 260 ## - PUBLICATION, DISTRIBUTION, ETC. (IMPRINT) | |
| Place of publication, distribution, etc | New York : |
| 260 ## - PUBLICATION, DISTRIBUTION, ETC. (IMPRINT) | |
| Name of publisher, distributor, etc | Scholastic, |
| 260 ## - PUBLICATION, DISTRIBUTION, ETC. (IMPRINT) | |
| Date of publication, distribution, etc | 2006 |
| 300 ## - PHYSICAL DESCRIPTION | |
| Extent | unpaged : |
| 300 ## - PHYSICAL DESCRIPTION | |
| Other physical details | color illustration ; |
| Withdrawn status | Lost status | Damaged status | Home library | Current library | Date acquired | Total Checkouts | Full call number | Barcode | Date last seen | Price effective from | Koha item type |
|---|---|---|---|---|---|---|---|---|---|---|---|
| Stonyhurst Southville International School (Malarayat) | Stonyhurst Southville International School (Malarayat) | 02/07/2018 | ER W678 2006 | SSISM4619 | 02/07/2018 | 02/07/2018 | Books |